Statistiques concernant Les 10 pays possédant les plus grandes réserves de gaz

Cliquez ici pour prendre le quiz!

Statistiques générales

  • Ce quiz a été pris 119 fois
  • Le résultat moyen est 7 sur 10

Statistiques - réponses

Réserve (en Tm3)Pays% Correct
38.0Russie
99%
12.9États-Unis
95%
8.4Chine
92%
6.0Arabie Saoudite
78%
32.0Iran
73%
24.7Qatar
66%
5.9Émirats Arabes Unis
58%
6.3Venezuela
44%
5.4Nigeria
38%
19.5Turkménistan
21%

Distribution des résultats

Percentile par nombre de réponses

% des personnes avec chaque résultat

Votre développement - résultats

Vous n’avez pas pris ce quiz